UBT Library

The art of teaching writing / (Record no. 41056)

000 -LEADER
fixed length control field 00753cam a2200241 a 4500
001 - CONTROL NUMBER
control field 1106757
005 - DATE AND TIME OF LATEST TRANSACTION
control field 20180126093844.0
008 - FIXED-LENGTH DATA ELEMENTS--GENERAL INFORMATION
fixed length control field 930817s1994 nhua b 000 0 eng
010 ## - LIBRARY OF CONGRESS CONTROL NUMBER
LC control number 93021095
020 ## - INTERNATIONAL STANDARD BOOK NUMBER
International Standard Book Number 0435088173
020 ## - INTERNATIONAL STANDARD BOOK NUMBER
International Standard Book Number 0435088092 (pbk.)
040 ## - CATALOGING SOURCE
Original cataloging agency DLC
Transcribing agency DLC
Modifying agency DLC
041 ## - LANGUAGE CODE
Language code of text/sound track or separate title eng
080 ## - UNIVERSAL DECIMAL CLASSIFICATION NUMBER
Universal Decimal Classification number 808.0420712 CAL
082 00 - DEWEY DECIMAL CLASSIFICATION NUMBER
Classification number 808.0420712 CAL
Edition number 20
100 1# - Rafti
Rafti 47
101 ## - Shkurtesa
Shkurtesa EDU
245 14 - TITLE STATEMENT
Title The art of teaching writing /
Statement of responsibility, etc Lucy McCormick Calkins.
504 ## - BIBLIOGRAPHY, ETC. NOTE
Bibliography, etc Includes bibliographical references (p. 541-547).
906 ## - LOCAL DATA ELEMENT F, LDF (RLIN)
a 7
b cbc
c orignew
d 1
e ocip
f 19
g y-gencatlg
942 ## - ADDED ENTRY ELEMENTS (KOHA)
Source of classification or shelving scheme
Item type Books
Holdings
Withdrawn status Lost status Source of classification or shelving scheme Damaged status Not for loan Collection code Permanent location Current location Shelving location Date acquired Total Checkouts Full call number Barcode Date last seen Price effective from Koha item type
          Koleksioni i përgjithshem UBT - Lipjan UBT - Lipjan Koleksioni i përgjithshem 01/26/2018   808.0420712 CAL 002-2996608 01/26/2018 01/26/2018 Books
UBT Library © 2015-2024. All rights reserved University Education for Business and Technology